000 00478nam a2200181Ia 4500
003 IN-BaIIA
008 211028s9999 xx 000 0 eng d
040 _cIIA Library
080 _a52
_bGOD
100 _aGodfray, Hugh
_91214
245 2 _aA treatise on astronomy
_bfor use of colleges and schools
_cHugh Godfray
250 _a3rd ed.
260 _aLondon
_bMacmillan
_c1880
300 _axvi, 320p.
650 _aAstronomy
_980
650 _aAstrophysics
_9794
942 _cBK
999 _c536
_d536